📖150 premiers mots"Où vont les larmes quand elles sèchent"B.Beaulieu - Statistiques

Statistiques générales
  • Ce quiz a Ă©tĂ© pris 8 fois
  • Le rĂ©sultat moyen est 70 sur 150
Statistiques - réponses
Mots % Correct
a
100%
Ă 
100%
lĂ ,
100%
la ...
100%
Le
100%
le
100%
les
100%
s'
100%
C'
86%
c'
86%
ce
86%
Ce
86%
d'
86%
D'
86%
de
86%
en
86%
est
86%
Est-
86%
et
86%
Il
86%
ils
86%
je
86%
ou
86%
oĂą
86%
que
86%
qui
86%
se
86%
un
86%
une
86%
vous
86%
y
86%
dans
71%
du
71%
n'
71%
ne
71%
On
71%
pas
71%
plus
71%
pour
71%
si
71%
tout.
71%
autres -
57%
ça
57%
des
57%
ont
57%
sont
57%
sur
57%
aux
43%
avec
43%
avoir
43%
car
43%
petit
43%
rien
43%
va
43%
chaise
29%
leur
29%
leurs
29%
mine.
29%
paie
29%
patio
29%
pleuré,
29%
pourquoi
29%
sais,
29%
serait
29%
vieux
29%
vont
29%
accède
14%
après
14%
attente
14%
bientĂ´t
14%
cabinet
14%
chaises
14%
conjonctivite
14%
couloir
14%
demandant
14%
feuilleter,
14%
grave,
14%
hygiénique.
14%
journaux
14%
livre.
14%
longé
14%
médical.
14%
mourir.
14%
Parfois,
14%
parfois
14%
puis
14%
salle
14%
silence
14%
simple
14%
souvent,
14%
très
14%
attendent
0%
beige,
0%
blancs,
0%
carrelage
0%
Certains
0%
crépi
0%
croulant
0%
cube
0%
échafauder
0%
effondrer
0%
fleuri,
0%
fleuri.
0%
fleurs
0%
grises
0%
hypothèses.
0%
idéal
0%
murs
0%
noires
0%
patientent
0%
poireautent
0%
portable.
0%
regards -
0%
règne,
0%
séchées,
0%
sent
0%
surprends
0%
téléphone
0%
traversé
0%
Treize
0%
voisins
0%
Aucun quiz correspondant
Distribution des résultats
% des personnes avec chaque résultat
Percentile par nombre de réponses
Votre historique - résultats
Vous n’avez pas pris ce quiz